00350 a2200133 450000500170000002000180001708200140003510000170004924500340006625000120010026000340011230000530014670000170019920250627083949.0 a0-07-255409-6 a338.5 FRA aFRANK, R. H. aPrinciples of Micro-Economics a2nd Ed. aNew York,bMcGraw Hill,c2004 axxxi,423p.; ill.; figurebGlossary & Indexc25cm aBERNANKE, B.